| 000 | 01252cam a22003617a 4500 | ||
|---|---|---|---|
| 003 | CHAP | ||
| 005 | 20220329135151.0 | ||
| 008 | 971013s1979 r 00010 d | ||
| 010 | _a32013 | ||
| 011 | _a32985 | ||
| 035 | _a37100 | ||
| 040 | _cCHAP | ||
| 090 | _aTesis | ||
| 100 | 0 | 0 |
_aMartínez Peniche, Ramón Alvar. _972375 |
| 245 | 1 | 3 | _aEl injerto en T leñoso en vid (Vitis spp) como método para introducir variedaddes aptas en el norte de Guanajuato |
| 260 |
_aChapingo, Méx. : _bEl autor, _c1979 |
||
| 300 |
_a59 h. _b; gráfs |
||
| 502 | _aTesis (Ing. Agr. Esp. en Fitotecnia) -- ENA. Departamento de Fitotecnia | ||
| 590 |
_aALEPH _b10 _c20130110 _lUCH01 _h1254 |
||
| 590 |
_aBATCH-UPD _b10 _c20130110 _lUCH01 _h0128 |
||
| 590 |
_aBATCH-UPD _b10 _c20130110 _lUCH01 _h1725 |
||
| 590 |
_aBATCH-UPD _b10 _c20130410 _lUCH01 _h1107 |
||
| 590 |
_aBATCH-UPD _b10 _c20130914 _lUCH01 _h1806 |
||
| 590 |
_aCONVERSION _b10 _c20130109 _lUCH01 _h1318 |
||
| 650 | 1 | 4 |
_aVid. _9119097 |
| 650 | 1 | 4 |
_aVid _xInjertos. _9119120 |
| 650 | 1 | 4 |
_aViticultura _xGuanajuato. _9120060 |
| 901 | _aBK | ||
| 942 | _cFOLL | ||
| 949 |
_bBC _cTES _d-85105 _eTS1 _i37100 _si |
||
| 949 |
_bBC _cTES _d-85106 _eTS2 _fc.2 _i37100 _si |
||
| 949 |
_bBC _cTES _d-85107 _eTS2 _fc.3 _h22016 _i37100 _si |
||
| 999 |
_c32013 _d32013 |
||